000 00448nam a22001457a 4500
008 170322b xxu||||| |||| 00| 0 eng d
082 _aCD12716
100 _aSharma, Indira
245 _aKakshya nauko nepali kitabma aadharit namuna nepali shabdakosh
260 _aJhapa:
_c2073.
502 _aDissertation
_bDegree in Education
_cShree Kankai Bahumukhi Campus
650 _aNepali language
650 _aNepali dictionary
_9158
942 _2ddc
_cVM
999 _c80367
_d80356